000 00287nam a22001337a 4500
008 170131b xxu||||| |||| 00| 0 eng d
020 _a9780763784584
041 _aeng
080 _27TH
_a61
100 _a3
101 _aSHM
245 _aHEALTH CARE USA
_cSULTZ, H,.A
942 _2udc
_cBK
999 _c4113
_d4113